Správanie sa páchateľov

Bibliographic Details
Main Authors: Tóth, Peter, 1971- (Author), Kováč, Michal, 1961- (Author)
Format: Article
Language:Slovak
Subjects:

MARC

LEADER 00000nab a2200000 a 4500
001 vtls000584124
003 SK-MaSNL
005 20260304215156.0
008 120930c1996 xo 0 slo
015 |a SNBRB19rr/mm-uuuuu 
035 |a CL0584263 
040 |a SNKBUCL  |b slo  |c SNKBUCL  |e AACR2 
041 0 |a slo 
044 |a xo  |c SK 
080 |a 343.43  |2 1981 
080 |a 343.549  |2 1981 
100 1 |a Tóth, Peter,  |d 1971-  |4 aut  |9 110516 
245 1 0 |a Správanie sa páchateľov  |c Peter Tóth 
650 0 7 |a kauza Michal Kováč ml.  |2 snkbucl  |9 988772 
655 7 |a články z novín a časopisov  |2 snkbucl  |9 267496 
700 1 |a Kováč, Michal,  |d 1961-  |4 aut  |9 12249 
773 0 |t Sme  |g Roč. 4 a 49, č. 112 (15. 5. 1996), s. 4 
850 |a Slovenská národná knižnica v Martine  |a MTA001 
852 |a SNK  |b KIS3GCP 
958 |a RK 
992 |a RBX 
999 |c 3145136  |d 3147066